| 000 | 00723nam a2200193Ia 4500 | ||
|---|---|---|---|
| 999 |
_c6557 _d6557 |
||
| 020 | _a803a | ||
| 082 | _aRR 330.0954 SOC- | ||
| 245 | 0 | _aSociety and economy in North-East India | |
| 260 |
_aNew Delhi _bRegency Publications _c2006 |
||
| 500 | _acontents: 3 Vols. Vol.1 (Mignonette Momin and Cecile A. Mawlong), (xviii, 268p.) - v.2 (Fozail Ahmad Qadri), (xiii, 358p.) - v.3 (David R. Syiemlieh and Manorama Sharma), (xvii,315p.) | ||
| 650 |
_aIndia, North east _vEconomic conditions |
||
| 650 |
_aIndia, North east _vSocial conditions |
||
| 700 | _aMomin, Mignonette | ||
| 700 | _aMawlong, Cecile A. | ||
| 700 | _aQadri, Fozail Ahmad | ||
| 700 | _aSyiemlieh, David R. | ||
| 700 | _aSharma, Manorama | ||
| 942 |
_cBK _2ddc |
||